• 首页
  • 本馆介绍
  • 公告通知
  • 最新文献
  • 馆藏检索
  • 电子资源
  • 读者荐购
  • 参考咨询
  • CALIS
  • 我的图书馆
  • 登录
  • 详细信息显示
  • 放入我的书架
  • 预约/预借图书
  • 作者相关作品
  • 分类相关作品
  • 丛书相关作品
  • 出版社相关作品

书目信息

  • 表格格式
  • 工作单格式
  • 卡片格式
题名:
校园英语口语
    
 
作者: 李桂林 主编
分册:  
出版信息: 重庆   重庆大学出版社  2014.08
页数: 126页
开本: 26cm
丛书名:
单 册:
中图分类: H319.9
科图分类:
主题词: 英语--ying yu--口语--高等职业教育--教材
电子资源:
ISBN: 978-7-5624-8467-7
 
 
 
 
 
000 01037nam0 2200265 450
001 CAL 0120141387757
005 20150819164450.37
010    @a978-7-5624-8467-7@dCNY36.00 (含光盘)
010    @a978-7-89446-232-9@b光盘
100    @a20140917d2014 em y0chiy50 ea
101 0  @achi@aeng
102    @aCN@b500000
105    @aak z 000yy
106    @ar
200 1  @a校园英语口语@Axiao yuan ying yu kou yu@d= Campus oral English@f主编李桂林@zeng
210    @a重庆@c重庆大学出版社@d2014.08
215    @a126页@c图@d26cm@e光盘1片
330    @a本书是一本高职教材, 以贴近生活、社会关注的日常口语题材为主, 主要涉及问候与介绍、校园生活、气候与环境、健康、购物、食物与饮料、休闲时间、节日、度假与旅游、求职与就业等十个话题。每个单元包括文化小贴士、常用表达、对话范例、口语练习指定情景等内容。
510 1  @aCampus oral English@zeng
586    @a
606 0  @a英语@Aying yu@x口语@x高等职业教育@j教材
690    @aH319.9@v5
701  0 @a李桂林@Ali gui lin@4主编
801  0 @aCN@c20150820
905    @a河南城建学院图书馆@dH319.9@eL160@f3
    
    校园英语口语= Campus oral English/主编李桂林.-重庆:重庆大学出版社,2014.08
    126页:图;26cm+光盘1片
    
    
    ISBN 978-7-5624-8467-7:CNY36.00 (含光盘)
    本书是一本高职教材, 以贴近生活、社会关注的日常口语题材为主, 主要涉及问候与介绍、校园生活、气候与环境、健康、购物、食物与饮料、休闲时间、节日、度假与旅游、求职与就业等十个话题。每个单元包括文化小贴士、常用表达、对话范例、口语练习指定情景等内容。
●
相关链接 在E读中查询图书 在当当中查询图书 在豆瓣中查询图书


正题名:校园英语口语     索取号:H319.9/L160         预约/预借

序号 登录号 条形码 馆藏地/架位号 状态 备注
1 1166929   211669292   语言库209/209语言库 60排3列3层/ [索取号:H319.9/L160] 在馆    
2 1166930   211669309   语言库209/209语言库 60排3列3层/ [索取号:H319.9/L160] 在馆    
3 1166931   211669318   语言库209/209语言库 60排3列3层/ [索取号:H319.9/L160] 在馆    
河南城建学院图书馆 欢迎您!
大连网信软件有限公司© 版权所有